000 00490nam a2200169Ia 4500
005 20250326130615.0
008 250326s9999 xx 000 0 und d
037 _aTextbook
040 _aFMSL
_beng
_cFMSL
041 _aeng
_2eng
084 _aX:89Q8 P8;1
_qFMSL
100 _aRampersad H K
245 0 _aLinking human capital to lean six sigma
_cRampersad H K; Homsi A El
260 _aN
_bN, D Sara Books
_c2008
942 _cTB
_hX:89Q8 P8;1
999 _c1283297
_d1283297